000 00572nam a2200133 4500
999 _c9291
_d9291
008 180427b ||||| |||| 00| 0 eng d
082 _aDPer 050 Dec 2015-Mar 2016 T48 v186-187
100 _927656
_aSanburn, Josh.
245 _aIn 2007, Oklahoma had one earthquake. Last year, there were more than 900. what happened?:
_bgreed, politics and the biggest oil boom in decades/
_cJosh Sanburn.
260 _aNew York:
_bTime Inc.,
_c©Dec 2015-Mar 2016.
300 _av187 n10, pages 26-31:
_billustrations;
_c27 cm.
650 0 _927657
_aNatural disaster.
942 _2ddc
_cPER